[Event "Sportland NRW-Cup"]
[Site "Senden"]
[Date "1999.??.??"]
[Round "5"]
[White "Rinderknecht, Thomas"]
[Black "Haselhorst, Helmut"]
[Result "1/2-1/2"]
[WhiteElo "1780"]
[BlackElo "2160"]
[PlyCount "71"]
[EventDate "1999.10.??"]
[EventType "swiss"]
[EventRounds "9"]
[EventCountry "GER"]
[SourceTitle "EXT 2000"]
[Source "ChessBase"]
[SourceDate "1999.11.16"]
[SourceVersion "1"]
[SourceVersionDate "1999.11.16"]
[SourceQuality "1"]

1. d4 f5 2. c4 Nf6 3. Nc3 g6 4. Bg5 Bg7 5. g3 d6 6. Bg2 Nc6 7. Bxf6 Bxf6 8. e3 0-0 9. Nge2 Bd7 10. 0-0 a6 11. Rb1 Rb8 12. b4 e5 13. b5 axb5 14. cxb5 Ne7 15. Qb3+ Kh8 16. dxe5 Bxe5 17. Rfd1 Qe8 18. f4 Bg7 19. Kf2 b6 20. a4 Ng8 21. Rbc1 Nf6 22. h3 Rf7 23. Bd5 Re7 24. Rd3 h6 25. Nd4 g5 26. Bc6 Ne4+ 27. Nxe4 fxe4 28. Rdc3 Qh5 29. Bxd7 Rxd7 30. Qe6 Rf7 31. Rxc7 Rxc7 32. Rxc7 Bxd4 33. exd4 Qf3+ 34. Kg1 Qxg3+ 35. Kh1 Qf3+ 36. Kg1 1/2-1/2

[Event "Sportland NRW-Cup"]
[Site "Senden"]
[Date "1999.??.??"]
[Round "1"]
[White "Thielsch, Norman"]
[Black "Rinderknecht, Thomas"]
[Result "1-0"]
[WhiteElo "2265"]
[BlackElo "1780"]
[PlyCount "101"]
[EventDate "1999.10.??"]
[EventType "swiss"]
[EventRounds "9"]
[EventCountry "GER"]
[SourceTitle "EXT 2000"]
[Source "ChessBase"]
[SourceDate "1999.11.16"]
[SourceVersion "1"]
[SourceVersionDate "1999.11.16"]
[SourceQuality "1"]

1. e4 e5 2. Nf3 Nc6 3. Bb5 a6 4. Bxc6 dxc6 5. 0-0 Bg4 6. h3 Bxf3 7. Qxf3 Qf6 8. Qxf6 Nxf6 9. d3 h6 10. Be3 0-0-0 11. Nd2 Bd6 12. Nc4 g5 13. f3 Nh5 14. Rad1 f6 15. d4 Nf4 16. dxe5 Bxe5 17. Nxe5 fxe5 18. Rxd8+ Rxd8 19. g3 Ne6 20. Kf2 b6 21. c3 c5 22. Ke2 Kd7 23. f4 gxf4 24. gxf4 exf4 25. Bxf4 Ke7 26. Be3 Rg8 27. Kf2 Kd6 28. Rh1 h5 29. Rd1+ Ke5 30. Rd5+ Kxe4 31. Rxh5 Rf8+ 32. Ke2 Nf4+ 33. Bxf4 Kxf4 34. Rh7 Kg3 35. Ke3 Re8+ 36. Kd3 b5 37. c4 Rd8+ 38. Kc3 b4+ 39. Kc2 Rd4 40. b3 Rh4 41. Rxh4 Kxh4 42. Kd3 Kxh3 43. Ke4 Kg4 44. Kd5 Kf4 45. Kxc5 Ke4 46. Kc6 Kd4 47. Kxc7 Kc5 48. Kb7 a5 49. Ka6 a4 50. Ka5 axb3 51. axb3 1-0